000 01072nam a2200229Ia 4500
003 Ost
005 20260507075759.0
008 260507s9999||||xx |||||||||||||| ||und||
020 _a9789969537239
040 _cfsecg
041 _aara
082 _a3386048
100 _aعرقابي، عادل
_eمؤلف
245 0 _aالمنافسة، التنافسية والميزة التنافسية /
_c عادل عرقابي
260 _aالجزائر:
_bدار إيلياء للنشر والتوزيع,
_c2024
300 _a117 صفحة؛
_bإيضاحات ؛
_c24 سم
504 _aببليوغرافيا: ص.ص 109-117
520 _aالمنافسة والتنافسية، الميزة التنافسية، محددات الميزة التنافسية حسب ''porter''، نموذج قوى التنافس الخمسة لـــ ''porter''، الاستراتيجيات العامة للتنافس لـــ ''porter''، الخيارات الاستراتيجية التنافسية
653 _aالتنافسية
653 _aالمنافسة
942 _cكتاب
999 _c46258
_d46258